Introducción a la probabilidad y estadística /

Guardado en:
Autor Principal: Mendenhall, William.
Otros Autores: Beaver, Robert J., Beaver, Barbara M.
Formato: Libro
Idioma:English
Publicado: Mexico, D.F. : Brooks/Cole, Cengage Learning, c2010.
Edición:13th ed. /
Materias:
Acceso en línea:Publisher description
Table of contents only
Etiquetas: Agregar Etiqueta
Sin Etiquetas, Sea el primero en etiquetar este registro!
LEADER 01225cam a2200301 a 4500
001 DCC.dcic001024
008 070619s2010####caua#####b####001#0#eng##
005 20151130153433.0
245 1 0 |a Introducción a la probabilidad y estadística /  |c William Mendenhall, Robert J. Beaver. 
250 |a 13th ed. /  |b Barbara M. Beaver. 
260 |a Mexico, D.F. :  |b Brooks/Cole, Cengage Learning,  |c c2010. 
300 |a xxi, 746 p. :  |b il. ;  |c 27 cm. 
500 |a Traducido del libro Introduction to Probability and Statistics, 13th ed. Traductor Jorge H. Romo Muñoz. 
020 |a 9786074813050 
020 |a 6074813051 
100 1 |a Mendenhall, William. 
700 1 |a Beaver, Robert J. 
700 1 |a Beaver, Barbara M. 
246 3 0 |a Probability and statistics 
246 1 4 |a Introduction to probability & statistics 
650 0 |a Mathematical statistics  |v Textbooks. 
650 0 |a Probabilities  |v Textbooks. 
010 |a  2007931223 
040 |a DLC  |c DLC  |d DLC 
050 0 0 |a QA276  |b .M425 2009 
856 4 2 |3 Publisher description  |u http://www.loc.gov/catdir/enhancements/fy1104/2007931223-d.html 
856 4 1 |3 Table of contents only  |u http://www.loc.gov/catdir/enhancements/fy1104/2007931223-t.html 
859 |a DCIC  |b BIB. COMPUTACION  |p 2099